000 00975nam a22003257a 4500
003 CHAP
005 20220329143449.0
008 091109s1945 mx a r 00010 spa d
010 _a97029
011 _a98001
035 _a108676
040 _cCHAP
082 0 4 _a531.12
_bH38
100 1 _aHenkel, Otto
_953606
245 1 0 _aEstática gráfica
_c/por Otto, Henkel
250 _a4 ed.
260 _aBarcelona :
_bLabor,
_c1945
300 _a402 p. :
_bilus.
490 0 _aManuales técnicos Labor
_v; 13
590 _aBATCH-UPD
_b10
_c20130110
_lUCH01
_h1746
590 _aBATCH-UPD
_b10
_c20130410
_lUCH01
_h1124
590 _aBATCH-UPD
_b10
_c20130914
_lUCH01
_h1327
590 _aCONVERSION
_b10
_c20130109
_lUCH01
_h1354
650 1 4 _aEstática gráfica.
_938335
650 1 4 _aEstática.
_938334
830 0 _aManuales técnicos Labor
_v; 13
_970700
901 _aBK
942 _cLIBRO
949 _a531.12 H38
_bBC
_cLIBRO
_d33724002119678
_eLIBRO
_gI.c/e
_h111294
_i108676
_si
999 _c97029
_d97029